Gares sur la ligne de Bordeaux à Toulouse (via Agen) - Statistiques

Statistiques générales
  • Ce quiz a été pris 39 fois
  • Le résultat moyen est 16 sur 38
Statistiques - réponses
Hint Réponse % Correct
Lot-et-Garonne (47) Agen
97%
(47) Marmande
94%
(82) Montauban-Ville-Bourbon
88%
(33) Langon
71%
Haute-Garonne (31) Toulouse-Matabiau
71%
Gironde (33) Bordeaux-Saint-Jean
68%
(33) La Réole
62%
(47) Port-Sainte-Marie
56%
(47) Aiguillon
53%
(33) Bègles
53%
(82) Valence-d'Agen
53%
(47) Tonneins
50%
(82) Castelsarrasin
47%
(82) Moissac
47%
(33) Villenave-d'Ornon
38%
(33) Beautiran
35%
(33) Cérons
35%
Tarn-et-Garonne (82) Lamagistère
35%
(82) La Ville-Dieu
35%
(33) Cadaujac
32%
Lot-et-Garonne (47) Sainte-Bazeille
32%
Tarn-et-Garonne (82) Grisolles
29%
(33) Podensac
29%
(31) Saint-Jory
29%
(33) Saint-Médard-d'Eyrans
29%
(33) Arbanats
26%
(31) Lacourtensourt
26%
(82) Montbartier
26%
(33) Saint-Macaire
26%
(33) Caudrot
24%
(82) Dieupentale
24%
(33) Portets
24%
(33) Preignac
24%
(33) Barsac
21%
(33) Gironde-sur-Dropt
21%
Gironde (33) Lamothe-Landerron
21%
(33) Saint-Pierre-d'Aurillac
21%
Haute-Garonne (31) Castelnau-d'Estrefonds
12%
Aucun quiz correspondant
Distribution des résultats
% des personnes avec chaque résultat
Percentile par nombre de réponses
Votre historique - résultats
Vous n’avez pas pris ce quiz